000 00589nam a2200217Ia 4500
003 OSt
005 20220925210859.0
006 a|||||r|||| 00| 0
007 ta
008 220923b |||||||| |||| 00| 0 eng d
037 _cGeneral Book
040 _aRTL
_cRTL
_beng
041 _2eng
_aeng
082 _ax71.237.N63, K3.1
111 _aRAJASTHAN (Govt. of---)
_9273337
245 0 _aBudget estimates 1963-64.
260 _aJaipur
_bGovt. central press
_c1963
300 _a615p
_ccm.
942 _hx71.237.N63, K3.1
_cGB
_2CC
999 _c556138
_d556138